RDR2 Characters - Statistics

General Stats
  • This quiz has been taken 75 times
  • The average score is 12 of 20
Answer Stats
Picture Answer % Correct
Arthur Morgan
97%
John Marston
91%
Dutch Van Der Linde
84%
Micah Bell
78%
Uncle
78%
Hosea Matthews
73%
Sadie Adler
72%
Bill Williamson
70%
Abigail Marston
61%
Javier Escuella
57%
Agent Milton
54%
Charles Smith
52%
Angelo Bronte
51%
Lenny Summers
51%
Susan Grimshaw
43%
Tilly Jackson
43%
Mary Linton
42%
Sean MacGuire
37%
Mary-Beth Gaskill
33%
Karen Jones
30%
No matching quizzes found
Score Distribution
Percent of People with Each Score
Percentile by Number Answered
Your Score History
You have not taken this quiz